000
00293nam a22001337a 4500
008
170614b xxu||||| |||| 00| 0 eng d
020
_a
9780742556324
041
_a
eng
080
_2
2ND
_a
32
100
_a
19
101
_a
SHP
245
_a
THE NEW FOREIGN POLICY
_c
NEACK,L
942
_2
udc
_c
BK
999
_c
17267
_d
17267